Taking sides. (Record no. 2598)

MARC details
000 -LEADER
fixed length control field 01919cam a2200229 a 4500
020 ## - INTERNATIONAL STANDARD BOOK NUMBER
ISBN 0073527211
020 ## - INTERNATIONAL STANDARD BOOK NUMBER
ISBN 9780073527215
050 00 - CALL NUMBER
Classification number HD31
Item number .T24 2007
245 00 - TITLE
Title Taking sides.
Statement of responsibility, etc selected, edited, and with introductions by Marc D. Street and Vera L. Street.
250 ## - EDITION
Edition statement 2nd ed.
260 ## - PUBLICATION INFORMATION
Place of publication Dubuque, IA :
Name of publisher McGraw-Hill Contemporary Learning Series,
Year of publication c2007.
300 ## - DESCRIPTION
Number of Pages xxiv, 384 p. :
Other physical details ill. ;
Dimensions 24 cm.
440 #0 - SERIES
SERIES McGraw-Hill contemporary learning series
500 ## - NOTES
General note First ed. and 3rd ed.- are cataloged as a serial in LC.
505 0# - FORMATTED CONTENTS NOTE
Table of Content Ethical issues for managers: Do corporations have a responsibility to society that extends beyond merely maximizing profit?; Is the corporate strategy of downsizing unethical?; Is bluffing during negotiations unethical? Should insider trading be legalized? -- Organizational behavior and human resource management: Has affirmative action outlived its usefulness in the workplace?; Is workplace drug testing a wise corporate policy?; Is diversity in the workplace a worthwhile goal for corporations?; Is gender discrimination the main reason women are paid less than men? World reforming social security be good for American business -- Strategic management: Is outsourcing a wise corporate strategy?; Are U.S. CEOs overpaid?; Corporate governance reform, is Sarbanes-Oxley the answer?; Is first-to-market a successful strategy?; Must firms constantly grow to be considered successful? -- Environmental and international management issues: Is the condition of the environment really as bad as environmentalists claim?; Should U.S. corporations be allowed to hire illegal aliens?; Is economic globalization good for humankind?; Are global sweatshops exploitative?
650 #0 - SUBJECTS
Topical Term Management.
650 #0 - SUBJECTS
Topical Term Management
General subdivision Moral and ethical aspects.
650 #0 - SUBJECTS
Topical Term Environmental management.
700 1# - OTHER AUTHORS
Personal name Street, Marc D.
700 1# - OTHER AUTHORS
Personal name Street, Vera L.
942 ## - ADDED ENTRY ELEMENTS (KOHA)
Koha item type Books
Holdings
Withdrawn status Lost status Collection code Home library Current library Shelving location Date acquired Full call number Accession Number Koha item type
    Reference Methodist University Library Main Methodist University Library Main General Stacks 19/02/2018 HD31 .T24 2007 38468 Books
Copyright © 2026  MUG Library